000 00588nam a2200229Ia 4500
003 OSt
005 20221007071328.0
006 a|||||r|||| 00| 0
007 ta
008 221006b |||||||| |||| 00| 0 eng d
024 _a18,703
037 _cTextual
040 _aFLL
_cFLL
_beng
041 _2eng
_aeng
082 _aZ1:218, G2.
100 _aMcnair A.D. Au.
_9688520
245 0 _aLaw of the air
260 _aLondon
_bButterworths England
_c1932
300 _a249p
_ccm.
942 _hZ1:218, G2.
_cTEXL
_2CC
999 _c1143060
_d1143060